LEADER 01435nam0 2200325 i 450 001 SUN0004352 005 20120313111504.611 010 $a88-420-6235-9 100 $a20020722d2001 |0itac50 ba 101 $aita 102 $aIT 105 $a|||| ||||| 200 1 $aStoria del diritto amministrativo$fLuca Mannori, Bernardo Sordi 210 $aRoma$cLaterza$d2001 215 $aXII, 551 p.$d21 cm. 410 1$1001SUN0004353$12001 $aManuali Laterza$v142$1210 $aRoma$aBari$cLaterza. 606 $aDiritto amministrativo$xStoria$2FI$3SUNC002784 620 $dRoma$3SUNL000360 676 $a342.009$v21 700 1$aMannori$b, Luca$3SUNV004060$0141818 701 1$aSordi$b, Bernardo$3SUNV004061$0141819 712 $aLaterza$3SUNV000002$4650 801 $aIT$bSOL$c20181109$gRICA 912 $aSUN0004352 950 $aUFFICIO DI BIBLIOTECA DEL DIPARTIMENTO DI ECONOMIA$d03 PREST IVFb20 $e03 31790 950 $aUFFICIO DI BIBLIOTECA DEL DIPARTIMENTO DI GIURISPRUDENZA$d00 CONS IV.Es.5 $e00 20757 995 $aUFFICIO DI BIBLIOTECA DEL DIPARTIMENTO DI ECONOMIA$bIT-CE0106$h31790$kPREST IVFb20$op$qa 995 $aUFFICIO DI BIBLIOTECA DEL DIPARTIMENTO DI GIURISPRUDENZA$h20757$kCONS IV.Es.5$op$qa 996 $aStoria del diritto amministrativo$9627299 997 $aUNICAMPANIA LEADER 01705nas 2200577- 450 001 9910134394803321 005 20241204162749.0 011 $a2469-2964 035 $a(OCoLC)927748556 035 $a(CKB)9870000000001680 035 $a(CONSER)--2015203862 035 $a(DE-599)ZDB3032410-5 035 $a(EXLCZ)999870000000001680 100 $a20151105a20169999 o-- a 101 0 $aeng 135 $aur||||||||||| 181 $ctxt$2rdacontent 182 $cc$2rdamedia 183 $acr$2rdacarrier 200 00$aPathogens & immunity 210 1$aCleveland, OH :$cCase Western Reserve University,$d[2016]- 215 $a1 online resource 300 $aRefereed/Peer-reviewed 517 1 $aPathogens and immunity 531 10$aPathog Immun 606 $aPathogenic microorganisms$vPeriodicals 606 $aImmunity$vPeriodicals 606 $aImmunity$2fast$3(OCoLC)fst00967888 606 $aPathogenic microorganisms$2fast$3(OCoLC)fst01054934 606 $aImmunity 606 $aBacteria$xpathogenicity 606 $aMicrobiological Phenomena 608 $aFulltext. 608 $aInternet Resources. 608 $aPeriodicals. 608 $aPeriodicals.$2fast 608 $aPeriodical. 615 0$aPathogenic microorganisms 615 0$aImmunity 615 7$aImmunity. 615 7$aPathogenic microorganisms. 615 12$aImmunity. 615 22$aBacteria$xpathogenicity. 615 22$aMicrobiological Phenomena. 676 $a616.04 712 02$aCase Western Reserve University. 712 02$aRichard J. Fasenmyer Foundation. 906 $aJOURNAL 912 $a9910134394803321 996 $aPathogens & immunity$92565087 997 $aUNINA